000 00365nam a2200133Ia 4500
008 220217s9999||||xx |||||||||||||| ||und||
020 _a81-7029-107-0
082 _a005.43 PRA
100 _aPrata, Stephen
_91852
245 0 _aAdvanced unix a programmers guide
260 _aBPB publications
_bNew Delhi
_c1986
300 _b180
650 _aOperating systems
999 _c167703
_d167703